Информационные материалы. 1996, Вып.3: КНР (Запись № 2028318)

Подробности
000 -МАРКЕР
контрольное поле 01425nam2a22002411 4500
001 - ИДЕНТИФИКАТОР ЗАПИСИ
контрольное поле RU\NLR\INFOCOMM31\1000031579
005 - ИДЕНТИФИКАТОР ВЕРСИИ
контрольное поле 20250617040657.0
035 ## - ДРУГИЕ СИСТЕМНЫЕ НОМЕРА
Идентификатор записи (NLR Aleph) 002434887
100 ## - ДАННЫЕ ОБЩЕЙ ОБРАБОТКИ
Данные общей обработки 20040317d1996 |||y0rusy50 ca
101 0# - ЯЗЫК РЕСУРСА
Язык текста, звукозаписи и т.д. русский
102 ## - СТРАНА ПУБЛИКАЦИИ ИЛИ ПРОИЗВОДСТВА
Страна публикации Российская Федерация
105 ## - ПОЛЕ КОДИРОВАННЫХ ДАННЫХ: ТЕКСТОВЫЕ МАТЕРИАЛЫ, МОНОГРАФИЧЕСКИЕ
Кодированные данные о монографическом текстовом документе y |||||||||
200 1# - ЗАГЛАВИЕ И СВЕДЕНИЯ ОБ ОТВЕТСТВЕННОСТИ
Основное заглавие КНР
Сведения, относящиеся к заглавию Проблема экономической безопасности
210 ## - ПУБЛИКАЦИЯ, РАСПРОСТРАНЕНИЕ И ДР.
Дата издания, распространения и т.д. 1996
Место издания, распространения и т.д. Б. м.
461 #0 - УРОВЕНЬ НАБОРА
Встроенное поле 001RU\NLR\INFOCOMM31\1000031576
-- 2001#$aИнформационные материалы$iСерия "Проблемы экономического развития и сотрудничества в Северо-Восточной Азии"$fРос. акад. наук, Ин-т Дал. Востока, Центр науч. информ. и банка данных$v1996, Вып.3
Системный номер (АБИС) связанной записи 2028290
Автор Институт Дальнего Востока (Москва)
Место публикации М.
Дата публикации 1996-
Первые сведения об ответственности Рос. акад. наук, Ин-т Дал. Востока, Центр науч. информ. и банка данных
Заглавие части Серия "Проблемы экономического развития и сотрудничества в Северо-Восточной Азии"
Заглавие Информационные материалы
Номер тома 1996, Вып.3
801 #1 - ИСТОЧНИК ЗАПИСИ
Страна Российская Федерация
Организация InfoComm
Дата составления 20040317
801 #0 - ИСТОЧНИК ЗАПИСИ
Страна Российская Федерация
Организация NLR
Правила каталогизации PSBO
852 ## - МЕСТОНАХОЖДЕНИЕ И ШИФР ХРАНЕНИЯ
Идентификатор организации NLR
Шифр хранения (Call Number) П22/6804
942 ## - ДОПОЛНИТЕЛЬНЫЕ ЭЛЕМЕНТЫ ЗАПИСИ (АБИС)
Тип экземпляра АБИС Выпуск
980 ## - КОЛЛЕКЦИЯ
Название коллекции Национальная библиография
980 ## - КОЛЛЕКЦИЯ
Название коллекции Русская периодика

Нет доступных экземпляров.